Anglais : la cuisine - Statistiques

Statistiques générales
  • Ce quiz a été pris 140 fois
  • Le résultat moyen est 20 sur 54
Statistiques - réponses
En français En anglais % Correct
faire cuire cook, bake
98%
cuisiner cook
97%
verre glass
89%
fourchette fork
85%
couteau knife
85%
tasse cup, mug
82%
assiette plate
78%
la cuisine kitchen
75%
bol bowl
70%
bouteille bottle
68%
frigo, réfrigérateur fridge, refrigerator
67%
mélanger, remuer mix, stir
67%
un plat dish
65%
éponge sponge
65%
micro-ondes microwave
61%
four oven
59%
casserole saucepan, pan
49%
bouillir boil
47%
lave-vaisselle dishwasher
45%
cuillère à soupe tablespoon, soup spoon
45%
cuillère à café teaspoon
40%
évier sink
36%
grille-pain toaster
35%
congélateur freezer
34%
faire la vaisselle do the dishes
31%
serviette de table napkin
31%
spatule spatula
31%
mixeur blender, food mixer
25%
théière teapot
23%
salle à manger dining room
22%
cafetière coffee maker, coffee pot
20%
mettre le couvert set the table
20%
minuteur timer
20%
poele frying pan
18%
cuisinière (meuble) stove, cooker
16%
placard cupboard
15%
tiroir drawer
15%
couper en morceaux chop, slice, cut up
14%
fouet whisk
14%
saladier salad bowl
13%
robinet tap, faucet
13%
les couverts cutlery, silverware
12%
bouilloire kettle
12%
nappe tablecloth
10%
louche ladle
9%
carafe jug
7%
cocotte-minute pressure cooker
6%
torchon tea towel, dish towel
6%
planche à découper chopping board
5%
plan de travail (meuble) counter
5%
hotte cooker hood
4%
moule à gâteau baking tin, baking pan
3%
set de table place mat
3%
dessous-de-plat tablemat
2%
Aucun quiz correspondant
Distribution des résultats
% des personnes avec chaque résultat
Percentile par nombre de réponses
Votre historique - résultats
Vous n’avez pas pris ce quiz